Τρισδιάστατη γεωγραφική οπτικοποίηση και η εφαρμογή της σε τεκμηριωτικές ταινίες μικρού μήκους (βίντεο) : η περίπτωση της Ιεράς Μονής Σίμωνος Πέτρας στο Άγιον : πτυχιακή εργασία

Αποθηκεύτηκε σε:
Λεπτομέρειες βιβλιογραφικής εγγραφής
Κύριος συγγραφέας: Χρυσαφούδης, Γεώργιος
Συγγραφή απο Οργανισμό/Αρχή: Πανεπιστήμιο Αιγαίου. Σχολή Κοινωνικών Επιστημών. Τμήμα Γεωγραφίας
Άλλοι συγγραφείς: Σιδηρόπουλος, Γεώργιος (Εισηγητής διατριβής)
Μορφή: Thesis Βιβλίο
Γλώσσα:Greek
Δημοσίευση: 2010
Θέματα:
Διαθέσιμο Online:http://hdl.handle.net/11610/6055
Ετικέτες: Προσθήκη ετικέτας
Δεν υπάρχουν, Καταχωρήστε ετικέτα πρώτοι!

MARC

LEADER 00000cam a2200000 i 4500
001 1/16341
008 111109s2010 gre d
035 |l 10111317 
040 |a GR-MY-UA  |b gre  |e aacr 
041 0 |a gre 
082 0 |a 006.78  |2 (22) 
100 1 |a Χρυσαφούδης, Γεώργιος. 
245 1 0 |a Τρισδιάστατη γεωγραφική οπτικοποίηση και η εφαρμογή της σε τεκμηριωτικές ταινίες μικρού μήκους (βίντεο) :  |b η περίπτωση της Ιεράς Μονής Σίμωνος Πέτρας στο Άγιον : πτυχιακή εργασία /  |c Χρυσαφούδης Γεώργιος ; επιβλέπων καθηγητής: Σιδηρόπουλος Γεώργιος 
260 |c 2010 
300 |a 47 σ.;  |c 30 εκ. 
502 # # |a Πτυχιακή εργασία – Πανεπιστήμιο Αιγαίου, Λέσβος, 2010. 
504 |a Βιβλιογραφία: σ. 46-47 
650 0 0 |a Three-dimensional imaging. 
650 0 0 |a Computer graphics. 
650 0 0 |a Archaeology  |x Computer simulation. 
650 0 0 |a Dissertations, Academic  |z Greece. 
700 1 |a Σιδηρόπουλος, Γεώργιος.  |4 ths 
710 2 |a Πανεπιστήμιο Αιγαίου.   |b Σχολή Κοινωνικών Επιστημών.   |b Τμήμα Γεωγραφίας. 
852 |a INST  |b LESVOS  |c DIATR  |e 20111109  |h 571  |p 005100051110  |q 005100051110  |t DIE  |y 23 
852 |a INST  |b LESVOS  |c DIATR  |e 20111109  |h 572  |p 005100051109  |q 005100051109  |t DIE  |y 23 
856 |u http://hdl.handle.net/11610/6055 
901 |a BIBL1-2011-3 
909 |a Λ  |b 173036 
909 |a Λ  |b 173037 
924 |a ΧΡΥΣΑΦΟΥΔΗΣ  |b ΓΕΩΡΓΙΟΣ  |y ΛΕΣΒΟΣ  |z 2010-11 
970 |a ΤΖΑΦΕΡΗ  |b ΕΥΑΓΓΕΛΙΑ  |z 2011/11/09